| 000 | 00447nam a2200193Ia 4500 | ||
|---|---|---|---|
| 005 | 20240823040530.0 | ||
| 008 | 240823s9999||||xx |||||||||||||| ||und|| | ||
| 020 | _a978-93-82577-02-7 | ||
| 041 | _aENGLISH | ||
| 082 | _A920 Q2 | ||
| 100 | _aLenin M | ||
| 245 | 0 | _aMarupatta Konathil Billgates Vetri Kathai | |
| 250 | _a1st | ||
| 260 |
_c2012 _bSixth |
||
| 500 | _aYES | ||
| 650 |
_aTamil Books _bGeneral |
||
| 942 | _cBK | ||
| 999 |
_c203334 _d203334 |
||